Structural changes within the global forestry sector (Record no. 58669)
[ view plain ]
| 000 -LEADER | |
|---|---|
| fixed length control field | 00918nam a2200205 a 4500 |
| 008 - FIXED-LENGTH DATA ELEMENTS--GENERAL INFORMATION | |
| fixed length control field | 100930s1997 ||||||||||||||||| || u |
| 020 ## - INTERNATIONAL STANDARD BOOK NUMBER | |
| International Standard Book Number | 0935018840 |
| 050 ## - LIBRARY OF CONGRESS CALL NUMBER | |
| Classification number | SD 393 Str |
| 100 ## - MAIN ENTRY--PERSONAL NAME | |
| Personal name | Hansen, Eric |
| 245 10 - TITLE STATEMENT | |
| Title | Structural changes within the global forestry sector |
| Statement of responsibility, etc. | edited by Ivan Eastin and Eric Hansen |
| 260 ## - PUBLICATION, DISTRIBUTION, ETC. | |
| Place of publication, distribution, etc. | Madison, WI |
| Name of publisher, distributor, etc. | Forest Products Society |
| Date of publication, distribution, etc. | 1997 |
| 300 ## - PHYSICAL DESCRIPTION | |
| Extent | vi, 103p.: ill. |
| 350 ## - PRICE (NR) (BK AM CF MU VM SE) [OBSOLETE] | |
| Price | 0.00 |
| 490 ## - SERIES STATEMENT | |
| Series statement | Forest Products Society Proceedings, no. 7290 |
| 500 ## - GENERAL NOTE | |
| General note | Papers presented during the Industry Focus session of the 49th annual meeting of the Forest Products Society held in Portland, Oregon, June 1995. |
| 650 ## - SUBJECT ADDED ENTRY--TOPICAL TERM | |
| Topical term or geographic name entry element | FORESTRY |
| 650 #0 - SUBJECT ADDED ENTRY--TOPICAL TERM | |
| Topical term or geographic name entry element | FORESTS AND FORESTRY--ECONOMIC ASPECTS |
| 700 ## - ADDED ENTRY--PERSONAL NAME | |
| Personal name | Eastin, Ivan |
| 995 ## - RECOMMENDATION 995 [LOCAL, UNIMARC FRANCE] | |
| -- | 0.00 |
| -- | CBU-MAIN LIBRARY (Kitwe) |
| -- | 1 |
| -- | 0.00 |
| -- | 1 |
| -- | AVAILABLE |
| -- | Oct 11, 2010 |
| -- | Annex Low-Usage Collection |
| Withdrawn status | Lost status | Source of classification or shelving scheme | Damaged status | Not for loan | Home library | Current library | Shelving location | Date acquired | Total Checkouts | Full call number | Barcode | Date last seen | Price effective from | Koha item type |
|---|---|---|---|---|---|---|---|---|---|---|---|---|---|---|
| CBU-MAIN LIBRARY, KITWE. | CBU-MAIN LIBRARY, KITWE. | 11/30/2022 | SD 393 Str | 741751 | 11/30/2022 | 11/30/2022 | MONOGRAPH |